000 00424nam a22001817a 4500
003 MPLRDC
005 20220104124147.0
008 210129b ||||| |||| 00| 0 eng d
020 _a9971-955-06-7
082 _a868.71 ZGM c.2
100 _a曾贵明
245 _a江山如此多娇
_c
250 _a初版
260 _a
_b南洋商报
_c1982
300 _b
650 _a马华文学
942 _cBK
_o868.71 ZGM c.2
999 _c17120
_d17110